| 000 | 00889nmm a2200313 a 4500 | ||
|---|---|---|---|
| 003 | AR-BaBNM | ||
| 005 | 20251128205112.0 | ||
| 008 | 036019s1993 ||||||||||||||000 | spa|| | ||
| 020 | _a950-822-000-7 | ||
| 040 | _cAR-BaBNM | ||
| 100 | 1 | _aCalzetti, Sandra | |
| 245 | 1 | 0 |
_aPropuestas constructivistas _bárea de matemática : 6to y 7mo grado |
| 260 |
_aBuenos Aires _bNovelibro _c1993 |
||
| 300 | 0 |
_a205 p. _bil. |
|
| 500 | 0 | _aActividades de aplicación al final de cada capítulo | |
| 504 | _aBibliografía: p. 203 | ||
| 650 | 4 | _aENSENANZA DE LAS MATEMATICAS | |
| 650 | 4 | _aESTADISTICA | |
| 650 | 4 | _aRELACIONES LOGICAS | |
| 650 | 4 | _aTEORIA DE LOS CONJUNTOS | |
| 650 | 4 | _aGEOMETRIA | |
| 650 | 4 | _aCONCEPTOS NUMERICOS | |
| 650 | 4 | _aMATEMATICA | |
| 653 | 0 | _aCONSTRUCTIVISMO | |
| 653 | 0 | _aEDUCACION PRIMARIA | |
| 700 | 1 | _aSilva, Marcela A. | |
| 942 | _cBK | ||
| 998 | _cGrace | ||
| 999 |
_c9992 _d9992 |
||